Euro 2020 Semi Finals - Italy - Spain - Statistics

General Stats
  • This quiz has been taken 358 times
    334 since last reset
  • The average score is 24 of 36
Answer Stats
Player % Correct
Gianluigi Donnarumma
96%
Giorgio Chiellini
95%
Leonardo Bonucci
93%
Federico Chiesa ¹
92%
Álvaro Morata ¹
89%
Ciro Immobile
88%
Jorginho
85%
Sergio Busquets
82%
Nicolò Barella
81%
Pedri
81%
Unai Simón
81%
Lorenzo Insigne
79%
Marco Verratti
79%
Jordi Alba
77%
Ferran Torres
72%
Giovanni Di Lorenzo
72%
Aymeric Laporte
69%
Roberto Mancini
69%
Luis Enrique
68%
Pau Torres
68%
Emerson
63%
Manuel Locatelli
63%
Dani Olmo
56%
Andrea Belotti
55%
Rodri
54%
Mikel Oyarzabal
53%
Domenico Berardi
49%
César Azpilicueta
46%
Koke
44%
Eric García
43%
Federico Bernardeschi
40%
Gerard Moreno
39%
Thiago Alcántara
36%
Matteo Pessina
34%
Marcos Llorente
33%
Rafael Tolói
25%
No matching quizzes found
Score Distribution
Percent of People with Each Score
Percentile by Number Answered
Your Score History
You have not taken this quiz since the last reset